000
00299nam a22001337a 4500
008
170414b xxu||||| |||| 00| 0 eng d
020
_a
9780443074165
041
_a
eng
080
_a
618
100
_a
10
101
_a
SHM
245
_a
TEXBOOK FETAL ABNORMALITIES
_c
TWINING,P
942
_2
udc
_c
BK
999
_c
10772
_d
10772